000
00326nam a22001451a 4500
020
_a
9788190730464
082
_a
170
_b
VIN/I
245
_a
Issues in applied ethics/
_c
by Vinod Kumari
250
_a
1st.
260
_a
New Delhi:
_b
Satyam,
_c
2009.
300
_a
224p.
650
_a
Ethics
650
_a
Philosophy
942
_c
BK
999
_c
21104
_d
21104